000 01012nam a2200241 i 4500
001 99057
003 ES-MaACL
005 20230906182429.0
007 t|
008 931025m18481872sp e |||| | spa d
245 0 0 _aEnciclopedia española de derecho y administración
_bo Nuevo teatro universal de la legislación de España e Indias /
_cpor Lorenzo Arrazola, Pedro Sainz Andino, Miguel Puche y Bautista ... [et al.].
246 3 _aNuevo teatro universal de la legislación de España e Indias
260 _aMadrid :
_b[s.n.],
_c1848-1872 (
_fTip. General de Antonio Rius y Rossell)
300 _a13 v. ;
_c27 cm.
650 4 _aDerecho-
_zEspaña-
_vEnciclopedias.
_911613
651 4 _aEspaña-
_xAdministración-
_yS.XIX.
_9138846
651 _aAmérica española-
_xAdministración.
_9168386
700 1 _aArrazola, Lorenzo,
_d1795-1873
_923230
700 1 _aSainz de Andino, Pedro.
_9101579
700 1 _aPuche y Bautista, Miguel.
_9161180
852 _aES-MaACL
_jG-4246-58
999 _c99057
_d99057